Declaració Universal dels Drets Humans (Registre núm. 67048)
[ vista simple ]
| 000 -LEADER | |
|---|---|
| campo de control de longitud fija | 00762akm a2200241 4500 |
| 008 - DATOS DE LONGITUD FIJA--INFORMACIÓN GENERAL | |
| campo de control de longitud fija | 170203s2017 cat |
| 041 ## - CÓDIGO DE IDIOMA | |
| Código de lengua del texto/banda sonora o título independiente | cat |
| 080 ## - NÚMERO DE LA CLASIFICACIÓN DECIMAL UNIVERSAL | |
| Número de la Clasificación Decimal Universal | 342.7(038) |
| 110 ## - ENTRADA PRINCIPAL--NOMBRE DE ENTIDAD CORPORATIVA | |
| Nombre de entidad corporativa o nombre de jurisdicción como elemento de entrada | TERMCAT |
| 9 (RLIN) | 60609 |
| 245 ## - MENCIÓN DEL TÍTULO | |
| Título | Declaració Universal dels Drets Humans |
| Medio | [cartell] |
| Mención de responsabilidad, etc. | TERMCAT, Centre de Terminologia |
| 260 ## - PUBLICACIÓN, DISTRIBUCIÓN, ETC. | |
| Lugar de publicación, distribución, etc. | Barcelona |
| Nombre del editor, distribuidor, etc. | TERMCAT, Centre de Terminologia |
| Fecha de publicación, distribución, etc. | 2017 |
| 300 ## - DESCRIPCIÓN FÍSICA | |
| Extensión | 1 cartell |
| Otras características físicas | il. |
| 500 ## - NOTA GENERAL | |
| Publicació TERMCAT | termcat |
| 592 ## - Tipus obra | |
| Tipus d'obra | Obra especialitzada |
| 593 ## - Codi CGAT | |
| Codi de la CGAT | MBD |
| 594 ## - Número de document | |
| Número de document | 9885 |
| 650 ## - PUNTO DE ACCESO ADICIONAL DE MATERIA--TÉRMINO DE MATERIA | |
| Término de materia o nombre geográfico como elemento de entrada | drets humans |
| 9 (RLIN) | 61921 |
| 856 ## - LOCALIZACIÓN Y ACCESO ELECTRÓNICOS | |
| Identificador Uniforme de Recursos | <a href="https://www.termcat.cat/ca/recursos/productes-multimedia/declaracio-universal-dels-drets-humans">https://www.termcat.cat/ca/recursos/productes-multimedia/declaracio-universal-dels-drets-humans</a> |
| 901 ## - ELEMENTOS DE DATOS A LOCAL LDA (RLIN) | |
| c | cop. <2017> |
| 902 ## - ELEMENTOS DE DATOS B LOCAL, LDB (RLIN) | |
| a | 170203 |
| 942 ## - ELEMENTOS DE ENTRADA SECUNDARIOS (KOHA) | |
| Tipo de ítem Koha | Monografia |
| Suprimir en OPAC | No |
| Fuente del sistema de clasificación o colocación | Clasificación Decimal Dewey |
| Estatus retirado | Estado de pérdida | Fuente del sistema de clasificación o colocación | Estado de daño | No para préstamo | Biblioteca de origen | Biblioteca actual | Fecha de adquisición | Total de préstamos | Signatura topográfica completa | Código de barras | Visto por última vez | Identificador Uniforme de Recursos | Precio de reemplazo | Tipo de ítem Koha |
|---|---|---|---|---|---|---|---|---|---|---|---|---|---|---|
| ddc | TERMCAT | TERMCAT | 03/02/2017 | MBD Cartells | 16124 | 30/09/2021 | https://www.termcat.cat/ca/recursos/productes-multimedia/declaracio-universal-dels-drets-humans | 30/09/2021 | MO |